000 01032nac a22003017a 4500
001 BR0402580
003 BR-BrBNA
005 20240105123013.0
008 230509b bl.|||m| |||| 00| 0 por d
040 _aBR-BrBNA
_bpor
_cBiblioteca Nacional de Agricultura
072 _aE14; E50
090 _aE14 BR0402580
100 1 _aQuirino, T.R.
100 1 _aSouza, G. da S. e
100 1 _aGaragorry, F.L.
100 1 _aSousa, C.P. de
110 1 _aEMBRAPA Secretaria de Administração Estratégica, Brasília, DF (Brasil)
245 1 _aDiagnóstico sociotécnico da agropecuária brasileira 3: Tecnologias agrícolas
260 3 _aBrasília, DF (Brasil):
_c2002.
300 _a101 p.
490 _aDocumentos - EMBRAPA Secretaria de Administração Estratégica (Brazil)
_vno. 4
_xISSN 1678-2739
500 _aSummary (Pt); 38 tables; 23 ref.
650 _aTECNOLOGIA AGRÍCOLA
650 _aSOCIOLOGIA RURAL
650 _aEXTENSÃO RURAL
909 _a202312
_bLúcia Elande
_c55
_dLúcia Elande
942 _2AGRIS
_n0
_cMS
999 _c293604
_d293604